Historia de las creencias y las ideas religiosas : de la Edad de Piedra a los misterios de Eleusis /

Obra en tres volúmenes en que se revisa el surgimiento de las diversas creencias religiosas a partir del estudio de las manifestaciones de lo sagrado según un orden cronológico; en la medida de lo posible, insiste en las crisis profundas de cada una de ellas, sobre todo en los momentos creadores de...

תיאור מלא

שמור ב:
מידע ביבליוגרפי
מחבר ראשי: Eliade, Mircea (autor)
פורמט: ספר
שפה:ספרדית
יצא לאור: Barcelona, España : Paidós, 1999, c1999
סדרה:(Paidós Orientalia ; 63)
נושאים:
תגים: הוספת תג
אין תגיות, היה/י הראשונ/ה לתייג את הרשומה!

MARC

LEADER 00000nam^a2200000^a^4500
001 000153052
005 20250521000000.0
009 20260310100305.646
020 |a 84-493-0686-8 
020 |a 84-493-0683-3 
037 |a Acervo ITESO - Biblioteca 
041 |a ESP 
082 |a 200. 9  |b ELI V. 1 
100 |a Eliade, Mircea  |e (autor) 
240 1 1 |a [Historia de las creencias y las ideas religiosas] 
245 1 0 |a Historia de las creencias y las ideas religiosas :  |b de la Edad de Piedra a los misterios de Eleusis /  |c M. Eliade ; tr. por Jesús Valiente Malla. 
264 4 |a Barcelona, España :  |b Paidós,  |c 1999, c1999 
300 |a 663 p. 
336 |a texto  |b txt  |2 rdacontenido 
337 |a sin mediación  |b n  |2 rdamedio 
338 |a volumen  |b nc  |2 rdasoporte 
440 1 |a (Paidós Orientalia ;  |v 63) 
500 |a Traducción de: Histoire des croyances et des idées religeuses: De l'age de la pierre aux mystères d'Eleusis 
520 |a Obra en tres volúmenes en que se revisa el surgimiento de las diversas creencias religiosas a partir del estudio de las manifestaciones de lo sagrado según un orden cronológico; en la medida de lo posible, insiste en las crisis profundas de cada una de ellas, sobre todo en los momentos creadores de las diversas tradiciones. En el primer volumen se estudian las primeras manifestaciones mágico-religiosas del hombre prehistórico hasta la difusión del culto a Dionisos, pasando por las religiones de Mesopotamia, el antiguo Egipto, Israel, de los indoeuropeos, de India antes de Buda, la griega y la iraní. El segundo tomo aborda principalmente las religiones de la antigua China, el budismo y el nacimiento del cristianismo, aunque también habla del brahmanismo, el hinduismo, la religión romana, los celtas y los tracios, Orfeo y Pitágoras, la síntesis hinduista, el judaísmo, el sincretismo y la época helénica, el paganismo. En el tercero, traza la historia de las iglesias cristianas, desde San Agustín hasta la Ilustración; asimismo, estudia a Mahoma y la aparición del Islam, así como las místicas judía, cristiana y musulmana; para terminar revisa también las herejías, las prácticas populares, el esoterismo y las religiones euroasiáticas y tibetanas. 
649 |a XX 
650 |a Simbolismo 
650 |a Lo Sagrado 
650 |a Ritos 
650 |a Creencias 
650 |a Mitología Sumeria 
650 |a Mitología Egipcia 
650 |a Mitología Hindú 
650 |a Mitología Hitita 
650 |a Mitología Griega 
650 |a Mitología Clásica 
650 |a Religión Primitiva 
650 |a Vedas 
650 |a Hinduismo 
650 |a Judaísmo 
650 |a Sociedad Primitiva 
650 |a Prehistoria 
650 |a Religión -  |z Irak -  |x Historia -  |z Mesopotamia, 10000 a.C.-637 d.C. 
650 |a Religión -  |z Egipto -  |x Historia 
650 |a Religión -  |z India -  |x Historia 
650 |a Religión -  |z Israel -  |x Historia 
650 |a Religión -  |z Grecia -  |x Historia 
650 |a Religión -  |z Irán -  |x Historia 
650 |a Religión -  |x Historia 
910 |a Fondo General 
920 |a Impresos - Libros 
930 |a Colección General 
905 |a 101 
901 |a 0500081664  |b IT1  |c ACC  |u 20250521 
902 |a https://opac.biblio.iteso.mx/vufind/Record/000153052